Определение истинной поверхности висящего ртутного капельного электрода; Труды первой научной конференции Томского отделения ВХО им. Д. И. Менделеева

Podrobná bibliografie
Parent link:Труды первой научной конференции Томского отделения ВХО им. Д. И. Менделеева.— 1969.— С. 160-162
Další autoři: Мелик-Гайказян В. И., Янкаускас В. Ф., Ершов Л. М., Стромберг А. Г. Армин Генрихович
Jazyk:ruština
Vydáno: 1969
Témata:
Médium: MixedMaterials Kapitola
KOHA link:https://koha.lib.tpu.ru/cgi-bin/koha/opac-detail.pl?biblionumber=152267

MARC

LEADER 00000naa2a2200000 4500
001 152267
005 20240311115301.0
035 |a (RuTPU)RU\TPU\book\165096 
035 |a RU\TPU\tpu\14952 
090 |a 152267 
100 |a 20090129d1969 k y0rusy50 ca 
101 0 |a rus 
102 |a RU 
200 1 |a Определение истинной поверхности висящего ртутного капельного электрода  |f В. И. Мелик-Гайказян [и др.] 
463 0 |0 (RuTPU)RU\TPU\book\144508  |t Труды первой научной конференции Томского отделения ВХО им. Д. И. Менделеева  |f Томский политехнический институт; под ред. П. Г. Усова  |v С. 160-162  |d 1969  |p 306 с. 
610 1 |a труды учёных ТПУ 
701 1 |a Мелик-Гайказян  |b В. И. 
701 1 |a Янкаускас  |b В. Ф. 
701 1 |a Ершов  |b Л. М. 
701 1 |a Стромберг  |b А. Г.  |c химик, специалист в области классической полярографии и инверсионной вольтамперометрии  |c профессор Томского политехнического института  |f 1910-2004  |g Армин Генрихович  |3 (RuTPU)RU\TPU\pers\11188  |9 2478 
801 1 |a RU  |b 63413507  |c 20081011  |g PSBO 
801 2 |a RU  |b 63413507  |c 20101214  |g PSBO 
942 |c BK